000
00198nam a2200085 4500
082
_a
TAH
100
_a
Tahir Hussain
245
_a
Higher Education and Employment Opportunities in Pakistan
942
_c
BK
999
_c
10440
_d
10440